Index copiosissimus rerum ac sententiorum maxime notabilium, quae in prioribus quattuor libris ordinationum regiarum continentur

Detalles Bibliográficos
Formato: Libro
Publicado: Salamanca 1575
Materias:
Colección:Banco de datos
Acervo:Biblioteca Nacional de Antropología e Historia. Fondo Conventual
Tema general:Homilética
Notas:Regular. XXIV, 7, 11.
LEADER 00744nam a22001810004500
035 |a 13904 
036 |a 1450 
245 1 0 |a Index copiosissimus rerum ac sententiorum maxime notabilium, quae in prioribus quattuor libris ordinationum regiarum continentur 
260 |a Salamanca  |b ed. Vicente de Portonario, imp. Domingo de Portonario  |c 1575 
500 |a Regular. XXIV, 7, 11. 
650 1 0 |a Homilética 
949 |a B.N.A.H. 
959 |a Biblioteca Nacional de Antropología e Historia. Ciudad de México  |b CCC1 
960 |a Colección General de B.N.A.H. de la ciudad de México  |b DD58 
961 |a Varias Ordenes Religiosas  |b VO 
942 |c B.N.A.H. 
943 |g Biblioteca Nacional de Antropología e Historia. Fondo Conventual 
999 |c 1038436  |d 1038436